| 000 | 01444cam a22003374a 4500 | ||
|---|---|---|---|
| 999 |
_c331895 _d331895 |
||
| 001 | 742244 | ||
| 003 | NUST | ||
| 005 | 20180117104955.0 | ||
| 008 | 990614s2000 maua b 001 0 eng | ||
| 010 | _a 99036138 | ||
| 020 | _a0070393648 | ||
| 040 |
_aDLC _cDLC _dDLC |
||
| 042 | _apcc | ||
| 050 | 0 | 0 |
_aTD745 _b.E23 2000 |
| 082 | 0 | 0 | _a628.3 ECK |
| 100 | 1 |
_aEckenfelder, W. Wesley _q(William Wesley), _d1926-2010. _95801 |
|
| 245 | 1 | 0 |
_aIndustrial water pollution control / _cW. Wesley Eckenfelder, Jr. |
| 250 | _a2nd ed. | ||
| 260 |
_aNew york: _bMcGraw-Hill, _cc2000. |
||
| 300 |
_axii, 400p. : _bill. ; _c25 cm. |
||
| 440 | 0 |
_aMcGraw-Hill series in water resources and environmental engineering _92106 |
|
| 500 | _aphotocopy | ||
| 504 | _aIncludes bibliographical references and index. | ||
| 650 | 0 |
_aSewage _xME _95802 |
|
| 650 | 0 |
_aFactory and trade waste _xPurification. _91014 |
|
| 856 | 4 | 2 |
_3Publisher description _uhttp://www.loc.gov/catdir/description/mh023/99036138.html |
| 856 | 4 | 1 |
_3Table of contents _uhttp://www.loc.gov/catdir/toc/mh023/99036138.html |
| 906 |
_a7 _bcbc _corignew _d1 _eocip _f19 _gy-gencatlg |
||
| 942 |
_2ddc _cBK _kIESE |
||